Nahá 002 /

Hlavní autor: Szabó, Dita, 1988-
Další autoři: Hlavenka, Tomáš, 1977-, Hlavenková, Jana, 1981-
Jazyk: Čeština
Vydáno: Praha : Balt-East, 2011
Vydání: Vyd. 1.
Témata:
Fyzický popis: 71 s. : il. ; 21 cm
Knihy
Uloženo v:
LEADER 01128cam a2200337 a 4500
001 nkc20112197285
003 CZ PrNK
005 20120206103715.0
007 ta
008 110628s2011 xr a g 000 p cze d
015 |a cnb002197285 
020 |a 978-80-87283-42-4  |q (brož.) :  |c Kč 120,00 
035 |a (OCoLC)780137969 
040 |a KLG001  |b cze  |d OLA001 
072 7 |a 821.162.3-1  |x Česká poezie  |2 Konspekt  |9 25 
080 |a 821.162.3-1  |2 MRF 
080 |a (0:82-1)  |2 MRF 
100 1 |a Szabó, Dita,  |d 1988-  |7 xx0094202  |4 aut 
245 1 0 |a Nahá 002 /  |c Dita Szabó ; [ilustrace Tomáš Hlavenka, Jana Hlavenková Prekopová] 
250 |a Vyd. 1. 
260 |a Praha :  |b Balt-East,  |c 2011 
300 |a 71 s. :  |b il. ;  |c 21 cm 
655 7 |a česká poezie  |7 fd133958  |2 czenas 
655 9 |a Czech poetry  |2 eczenas 
700 1 |a Hlavenka, Tomáš,  |d 1977-  |7 js20050926011  |4 ill 
700 1 |a Hlavenková, Jana,  |d 1981-  |7 jo2003196955  |4 ill 
910 2 |a BOA001  |b 2-1276.606 
990 |a BK 
995 |a 01 
991 |b 201202  |e b 
996 6 |b 2610500043  |c 2-1276.606  |l MZK  |r Sklad / do 1 hodiny  |n 0  |p p.v.  |w 001223989  |u 000010  |a 1  |e BOA001  |j MZK50  |s P